Jednotná mena - výhoda alebo výzva príspevok do diskusie

Zodpovednosť za realizáciu menovej politiky v eurozóne má Európska centrálna banka. Zavedenie jednotnej meny povedie k ďalšej synchronizácii makroekonomického vývoja krajín eurozóny. Proces úplnej integrácie do menovej únie. Hlavné prínosy zavedenia jednotnej meny.

Na minha lista:
Detalhes bibliográficos
Autor principal: Šoltés, Michal
Formato: Capítulo de Livro
Idioma:eslovaco
Assuntos:
Tags: Adicionar Tag
Sem tags, seja o primeiro a adicionar uma tag!

MARC

LEADER 00000naa a2200000 4500
001 r049598
005 20220729103826.7
041 0 |a slo 
044 |a SK 
245 1 0 |a Jednotná mena - výhoda alebo výzva  |b príspevok do diskusie  |c Michal Šoltés 
520 |a Zodpovednosť za realizáciu menovej politiky v eurozóne má Európska centrálna banka. Zavedenie jednotnej meny povedie k ďalšej synchronizácii makroekonomického vývoja krajín eurozóny. Proces úplnej integrácie do menovej únie. Hlavné prínosy zavedenia jednotnej meny. 
610 2 0 |a integrácia menová 
610 2 0 |a únie menové 
610 2 0 |a euro 
610 2 0 |a politika menová 
610 2 0 |a Európska centrálna banka 
610 2 0 |a Slovensko 
610 2 0 |a SVE 
100 1 |a Šoltés, Michal